00480nam a2200157Ia 45000010006000000050017000060080041000230410008000640820016000721000034000882450154001222600009002763000021002856500008003066540008003142092420260306172841.0260306t2020||||xx |||||||||||||| ||spa|| aESP a343.8bV66S aVillazana Ochoa, Saúl,eAUT 0aSupuestos de prescripción tributaria/ Requisitos para solicitar un fraccionamiento tributario:bresolución de superintendencia N° 161-2015-SUNAT c2020 a64 páginas :c aGEN aCCO